LEADER 01635nam a2200301 u 4500 001 000000078796 003 CaOOAMICUS 005 20070226123453.0 008 040514s2000 it u000 u ita u 035 $a10995191 040 $aPUL(R)$bita 100 1 $aRomano, Francesco.$0(OLS)http://pul/name/17048 245 12$aI monasteri teresiani e la loro giurisdizione :$b"Subjectio"- "Consociatio" "Dissociatio" ? : quadro storico-giuridico /$cFrancesco Romano, ocd. 260 $aRoma :$bPontificia Università Lateranense,$c2000. 300 $a193 p. ;$c24 cm 490 1 $aPontificia Universitas Lateranensis. Theses ad Lauream in Iure Canonico 500 $a"Excerptum ex dissertatione ad lauream in iure canonico consequendam in Urbe, 1993" 502 $aDiss. -- Pontificia Universitas Lateranensis. 504 $a"Bibliographia" : p. 15-35. 650 4$aDiritto canonico amministrativo.$0(OLS)http://pul/subject/1786 650 0$aMonasteri$zItalia$xStoria$xFonti.$2//eng$0(OLS)http://pul/subject/27422 830 0$aTheses ad lauream in iure canonico (Pontificia Università Lateranense).$0(OLS)http://pul/title/215 850 $aPUL 852 $aPUL$W1$xDP1 Tesi Pon Univ. Lateranense$y41$mTH PUL 875$j100985$nBK-PRI$b $qTesi$B100985$CPULBib$Z2$F100985 $HPUL83459 $81 941 1 $a16 960 $aDiritto amministrativo canonico$91786 996 $6245$aI monasteri teresiani e la loro giurisdizione :$b"Subjectio"- "Consociatio" "Dissociatio" ? : quadro storico-giuridico$9(OLS)http://pul/title/103162 996 $6260$aRoma :$bPontificia Università Lateranense$9(OLS)http://pul/publisher/47963 LEADER 01079nam a2200277 u 4500 001 000000087604 003 CaOOAMICUS 005 20070226124426.0 008 051017s1958 it u000 u ita u 035 $a11064174 040 $aPUL(R)$bita 041 1 $aita$hger 100 1 $aSchmaus, Michael.$0(OLS)http://pul/name/15757 240 10$aWesen des Christentums.$lItaliano.$0(OLS)http://pul/title/15201 245 10$aEssenza del cristianesimo /$cdi Michael Schmaus. 260 $aAlba :$bEdizioni Paoline,$c1958. 300 $a306 p. ;$c21 cm 490 1 $aCatholica ;$v14 504 $aBibliografia in nota. 650 4$aCristianesimo.$0(OLS)http://pul/subject/787 830 0$aCatholica (Edizioni Paoline) ;$v14.$0(OLS)http://pul/title/1108 850 $aPUL 852 $aPUL$W1$xDP1 Fondo Pastorale$y55$mP1 E 51$j111038$nBK-PRI$b $qFondi$B111038$CPULBib$Z2$F111038 $HPUL2594 $81 941 1 $a1 996 $6245$aEssenza del cristianesimo$9(OLS)http://pul/title/113339 996 $6260$aAlba :$bEdizioni Paoline$9(OLS)http://pul/publisher/48140